| 000 | 004340000a22001810004500 | ||
|---|---|---|---|
| 003 | MACL | ||
| 005 | 20151229121227.0 | ||
| 008 | 151229b xxu||||| |||| 00| 0 eng d | ||
| 040 |
_aMACL _cMACL |
||
| 041 | _aEnglish | ||
| 082 | _a133.5/BRE | ||
| 100 |
_aBrent, Peter _923624 |
||
| 245 | _aPast Present Future | ||
| 260 |
_bChartwell Books Ltd _c1977 |
||
| 350 | _a100 | ||
| 650 |
_aPhilosophy _923625 |
||
| 942 |
_cBK _k133.5/BRE _2ddc |
||
| 999 |
_c37809 _d37809 |
||